000 00566nam a2200229Ia 4500
005 20260320201208.0
008 008 262003s9999 xx 000 0 eng d
037 _aEBOOK
040 _aCRL
040 _beng
040 _cCRL
041 _2eng
041 _aeng
084 _qCRL
245 0 _aMathematical Models Using Artificial Intelligence for Surveillance Systems
260 _bIEEE
260 _c2024
856 _uhttps://ieeexplore.ieee.org/servlet/opac?bknumber=10950237
942 _cEBOOK
999 _c1719597
_d1719597